S. Narayan, The Dravidian years: Politics and welfare in Tamil Nadu (Record no. 526746)
[ view plain ]
| 000 -LEADER | |
|---|---|
| fixed length control field | 00667nam a22001457a 4500 |
| 008 - FIXED-LENGTH DATA ELEMENTS--GENERAL INFORMATION | |
| fixed length control field | 240621b ||||| |||| 00| 0 eng d |
| 100 ## - MAIN ENTRY--PERSONAL NAME | |
| Personal name | Thiruppathi, P. |
| 245 ## - TITLE STATEMENT | |
| Title | S. Narayan, The Dravidian years: Politics and welfare in Tamil Nadu |
| 260 ## - PUBLICATION, DISTRIBUTION, ETC. (IMPRINT) | |
| Place of publication, distribution, etc | Indian Journal of Public Administration |
| 300 ## - PHYSICAL DESCRIPTION | |
| Extent | 70(2), Jun, 2024: p,.438-439 |
| 520 ## - SUMMARY, ETC. | |
| Summary, etc | S. Narayan, The Dravidian Years: Politics and Welfare in Tamil Nadu. New Delhi: Oxford University Press, 2018, 262 pp., ₹550 (Hardcopy). https://journals.sagepub.com/doi/full/10.1177/00195561241236126 |
| 773 ## - HOST ITEM ENTRY | |
| Main entry heading | Indian Journal of Public Administration |
| 906 ## - LOCAL DATA ELEMENT F, LDF (RLIN) | |
| Subject DIP | BOOK REVIEW |
| 942 ## - ADDED ENTRY ELEMENTS (KOHA) | |
| Item type | Articles |
| Withdrawn status | Lost status | Source of classification or shelving scheme | Damaged status | Not for loan | Permanent location | Current location | Date acquired | Serial Enumeration / chronology | Barcode | Date last seen | Koha item type |
|---|---|---|---|---|---|---|---|---|---|---|---|
| Indian Institute of Public Administration | Indian Institute of Public Administration | 2024-06-21 | 70(2), Jun, 2024: p,.438-439 | AR132321 | 2024-06-21 | Articles |
